| 000 | 00451nam a2200193Ia 4500 | ||
|---|---|---|---|
| 008 | 151119s9999||||xx |||||||||||||| ||und|| | ||
| 082 | _a028.5BLA/WHA | ||
| 082 | _bGKKV31421 | ||
| 100 | _aBIAIR GARY | ||
| 245 | _aWHAT ARE YOUR GOALS | ||
| 260 | _aMUMBAI | ||
| 260 | _bEMBASSY BOOKS | ||
| 260 | _c2010 | ||
| 600 | _aBIAIR GARY | ||
| 630 | _aWHAT ARE YOUR GOALS | ||
| 700 | _aBIAIR GARY | ||
| 730 | _aWHAT ARE YOUR GOALS | ||
| 942 | _cBOOK | ||
| 999 |
_c1083738 _d1083735 |
||